[Event "IECC CL1-2001.15"]
[Site "IECC email"]
[Date "2001.08.16"]
[Round "?"]
[White "Thethi, Pritpal"]
[Black "Dzwonkowski, Adam"]
[Result "0-1"]
[WhiteElo "2197"]
[BlackElo "2089"]
[PlyCount "78"]
[EventDate "2001.??.??"]
[EventType "tourn (corr)"]
[EventRounds "4"]
[SourceTitle "Corr 2008"]
[Source "ChessBase"]
[SourceDate "2008.06.24"]
[SourceVersion "1"]
[SourceVersionDate "2008.06.24"]
[SourceQuality "1"]

1. e4 c5 2. Nf3 a6 3. c4 Nc6 4. d4 cxd4 5. Nxd4 e6 6. Nxc6 bxc6 7. Bd3 d6 8. 0-0 Nf6 9. f4 e5 10. Nc3 exf4 11. Bxf4 Qb6+ 12. Kh1 Qxb2 13. Qe1 Nh5 14. Rb1 Qa3 15. Be3 Qa5 16. e5 Qxe5 17. Be4 Bd7 18. Rb7 Be7 19. Qd2 Nf6 20. Bf3 0-0 21. Bd4 Qa5 22. Bxc6 Bxc6 23. Rxe7 Ne8 24. Qf4 f6 25. Qg4 Qg5 26. Qxg5 fxg5 27. Rxf8+ Kxf8 28. Ra7 Rxa7 29. Bxa7 Nf6 30. Kg1 Kf7 31. h3 g4 32. Bd4 g5 33. c5 dxc5 34. Bxc5 h5 35. hxg4 Nxg4 36. Nd1 Ne5 37. Bd4 Ke6 38. Ne3 Nd3 39. g3 Nc1 0-1

[Event "BCF-chT3a 0001 (4NCL)"]
[Site "Birmingham"]
[Date "2000.09.23"]
[Round "1.3"]
[White "Thethi, Pritpal"]
[Black "Edwards, Raymond B"]
[Result "1/2-1/2"]
[WhiteElo "2184"]
[BlackElo "2090"]
[PlyCount "80"]
[EventDate "2000.11.26"]
[EventType "team-tourn"]
[EventRounds "7"]
[EventCountry "ENG"]
[SourceTitle "EXT 2002"]
[Source "ChessBase"]
[SourceDate "2001.11.25"]
[SourceVersion "1"]
[SourceVersionDate "2001.11.25"]
[SourceQuality "1"]
[WhiteTeam "Wood Green III"]
[BlackTeam "Poisoned Pawns II"]
[WhiteTeamCountry "ENG"]
[BlackTeamCountry "ENG"]

1. e4 c6 2. d4 d5 3. exd5 cxd5 4. c4 Nf6 5. Nc3 e6 6. c5 Be7 7. Nf3 0-0 8. Bf4 Nc6 9. Bb5 Bd7 10. 0-0 Ne4 11. Bxc6 Nxc3 12. Qd3 Bxc6 13. Qxc3 f6 14. Rfe1 Qd7 15. b4 Rfe8 16. Nd2 Rac8 17. Qh3 Bd8 18. Re3 Qf7 19. a4 a6 20. Qg3 Bc7 21. Bxc7 Rxc7 22. Rb3 Rce7 23. b5 axb5 24. axb5 Bd7 25. Qc3 e5 26. h3 e4 27. c6 bxc6 28. bxc6 Bc8 29. Qg3 f5 30. Qf4 Qf6 31. Ra8 Qxc6 32. Rbb8 h6 33. h4 Qc1+ 34. Kh2 Bd7 35. Qd6 Qxd2 36. Qxe7 Qf4+ 37. Kh3 Qg4+ 38. Kh2 Qf4+ 39. Kh3 Qg4+ 40. Kh2 Qf4+ 1/2-1/2